| 000 | 01065njm a22002777a 4500 | ||
|---|---|---|---|
| 005 | 20100917145648.0 | ||
| 007 | sd ammalaaahaa | ||
| 008 | 100913t xxu||||| |||| 00| 0 hin d | ||
| 028 |
_aEALP-4065 _bHis Master's Voice |
||
| 035 | _aGR-03331 | ||
| 040 | _aSED/VEN | ||
| 100 |
_aNoorJehan _919606 |
||
| 245 |
_aAnmol ghadi Part1&2 / _cby NoorJehan Music ; Naushad lyric ;Tanwr Naqvi _h[sound recording] : |
||
| 260 |
_aDum Dum, India _bHis Master's Voice _c1975 |
||
| 300 |
_a1 sound disc [Gramophone record] : _banalog, 331/3 rpm _c12 in. _fGramophone record |
||
| 500 | _aBrief record. | ||
| 500 | _aHis Master's Voice | ||
| 500 | _aOrange | ||
| 500 | _aExtended Play | ||
| 505 |
_aPart 1,Jawan hain mohabbat hasin hai zamana ,Part 2 Aaja mere barbad mohabbat ke sahare , NoorJehan ( Naushad)(Tanwr Naqvi) _r |
||
| 650 |
_aClassical Music _xExcerpts _zIndia _919607 _vFilmi Song |
||
| 700 |
_aNaushad _91184 |
||
| 700 |
_aTanwr Naqvi _920559 |
||
| 942 |
_2ddc _cGR |
||
| 999 |
_c46540 _d46540 |
||